| 000 | 00595nam a22001817a 4500 | ||
|---|---|---|---|
| 005 | 20251108165454.0 | ||
| 008 | 250721s1999 xx 000 0 ara d | ||
| 082 | 1 | 4 | _aم/217.303/أزه |
| 100 | 1 | _aالأزهري، أبو منصور محمد بن أحمد | |
| 245 | 1 | 0 | _aالزاهر في غريب ألفاظ الإمام الشافعي / |
| 264 | 1 |
_aعمان : _bدار الفكر، _c1999. |
|
| 300 | _a432ص | ||
| 650 | 1 | 7 | _aالفقه الإسلامي |
| 650 | 1 | 7 | _aالفقه الشافعي |
| 700 | 1 |
_aأبو مغلي، سميح _eتحقيق |
|
| 942 |
_2ddc _cREF |
||
| 999 |
_c28721 _d28721 |
||